| 000 | 00797nam a22002297i 4500 | ||
|---|---|---|---|
| 003 | DO-SdBNP | ||
| 005 | 20230519123057.0 | ||
| 007 | ta | ||
| 008 | 230426b1975 dr ||||| |||| 00| 0 spa d | ||
| 040 |
_bspa _cBNPHU _erda _aDO-SdBNP |
||
| 082 |
_222 _bP969 |
||
| 245 |
_aProyecto de constitución de la República Dominicana : _belaborado sobre la constitución proclamada el 29 de abril de 1963, según modificaciones introducidas por la comisión creada por el... |
||
| 250 | _a2da. edición | ||
| 264 |
_aSanto Domingo : _bPartido Revolucionario Dominicano, _c1975 |
||
| 300 |
_a41 paginas ; _c21 cm |
||
| 336 |
_2rdacontent _atexto _btxt |
||
| 337 |
_2rdamedia _asin mediación _bn |
||
| 338 |
_2rdacarrier _avolumen _bnc |
||
| 590 | _aInventariado, 2023 / DG | ||
| 910 | _aDG | ||
| 942 |
_2ddc _cLF2 |
||
| 999 |
_c53364 _d53364 |
||